00255nam a22000737a 4500008004100000040005500041245001200096260007300108230313b |||||||| |||| 00| 0 eng d aNational Science LibrarycNational Science Library aSkyways aBombay: bAeronautical Publications of India Private Limited, c1976